000 00292nam a2200109Ia 4500
008 220204s9999 xx 000 0 und d
082 _a330.831.4
_bJOS
100 _aJOSHI, J M
245 0 _aTheory of value, distribution and welfare economics
260 _aNew Delhi
_bVikas
_c1977
942 _cBK
999 _c32200
_d32200